000 00455cam a2200181ua 4500
001 4342
005 20260515113822.0
008 111223n ii |||gr||||Z||||||asm
040 _cMAIN
082 _a294.5923
100 1 _aNath, Tralukya Mohan,
_eAuthor.
245 1 1 _aKhetroj putro kumari matri
_cby Tralukya Mohan Nath
250 _a2nd.
260 _aGuwahati:
_bPahi prakashan,990.
300 _a96p.
653 _aStory of Mahabharata
942 _cBK
999 _c4154
_d4154